| 000 | 00743nas a2200265 i 4500 | ||
|---|---|---|---|
| 001 | 2825 | ||
| 003 | ES-MaACL | ||
| 005 | 20250724062609.0 | ||
| 007 | t| | ||
| 008 | 001215c1957 xxrm| | 0 ||pa d | ||
| 022 | _a0130-2760 | ||
| 080 | _a(47) | ||
| 080 | _a008 | ||
| 245 | 0 | 0 | _aCultura y vida. |
| 250 | _a[Ed. en español]. | ||
| 260 |
_aMoscú : _bIzvestia de la Soviets de Diputados Populares de la URSS, _c1957- |
||
| 300 |
_a2 v. ; _c28 cm. |
||
| 310 | _aMensual | ||
| 362 | 0 | _aNº 1 (en. 1957)- | |
| 500 | _aDescripción basada en el nº 8 de 1986. | ||
| 650 | 7 |
_aCultura _2embne _9170963 |
|
| 852 |
_aES-MaACL _jHem-1941 |
||
| 866 | 0 | _o(1986 f.n1-7) 1987 (1988 f.n4) (1989 f.n3-5) 1990 (f.n8-9). | |
| 999 |
_c2825 _d2825 |
||